Statistics for Middle East Mountains, Rivers, and Seas

Click here to take the quiz!

General Stats

  • This quiz has been taken 124 times
    (85 since last reset)
  • The average score is 5 of 13

Answer Stats

HintAnswer% Correct
12Red Sea
79%
9Persian Gulf
68%
10Mediterranean Sea
57%
8Arabian Sea
54%
13Black Sea
54%
11Caspian Sea
46%
15Euphrates River
32%
16Nile River
25%
14Gulf of Aden
18%
17Suez Canal
18%
5Caucasus Mountains
11%
2Taurus Mountains
11%
7Zagros Mountains
11%

Score Distribution

Percentile by Number Answered

Percent of People with Each Score

Your Score History

You have not taken this quiz since the last reset